000 00623cab a2200217 4500
001 ABS60695
008 090401t1999 xxu||||| |||| 00| 0 eng d
035 _a(Sirsi) u93795
041 _aeng
245 _aNew rules are issued for animal identifaction
260 _c1999
350 _a0
490 _aCSM
_bChartered Surveyor Monthly
_v8(9) May 1999, 39(1)
520 _aDiscusses the practicalities of the welter of regulations affecting the movement of cattle and pigs.
650 _aCATTLE
650 _aLIVESTOCK MOVEMENT
650 _aPIGS
690 _aRURAL PRACTICE
942 _n0
948 _c08/06/1999
999 _c59447
_d59447